000 00645na a2200253 4500
001 21903
003 MIRAKIL
005 20181226092846.0
008 170208b tu n0 0 0
035 _a20918
040 _aMilas
_btur
_cTR-AnCHP
041 _atur
090 _a050 DER 50
222 _aGerçek
245 _aGerçek
_csahibi ve genel yayın müdürü İffet Aslan
260 _aAnkara
_bGerçek Yayınları
_c1966-
300 _ac.
_bres.
_c23 sm.
310 _aYıllık
650 _aYıllıklar
700 _aGerçek Enstitüsü ve Yayınları
700 _aAslan, İffet
910 _aDERGİ 50
942 _2ddc
_cSER
999 _c11501
_d11501